000 00643nam a2200217 a 4500
999 _c1791
_d1791
003 BD-JhCC
005 20171024171943.0
008 171024s2002 bg a|||| ||a| 000 0 ben d
020 _a9844460697
035 _a(BD-JhCC)
040 _aBD-JhCC
_dBD-JhCC
041 _aben
082 _a891.4435
_bSHA 2002
100 _aশাহনাওয়াজ, এ কে এম
245 _aমজার ইতিহাস /
_cএ কে এম শাহনাওয়াজ
260 _aঢাকা :
_bপ্রতীক,
_c2002.
300 _a73 p. :
_billu;
_c21 cm.
650 _aBengali Short Story
942 _2ddc
_cBK